000 01172nab a22002537a 4500
999 _c5450
_d5450
003 OSt
005 20251123204039.0
008 190603e xxum|||| |||| 00| 0 spa d
040 _cPJ
100 _96454
_aRoveda, Eduardo Guillermo
245 1 0 _aResponsabilidad parental y padres por afinidad /
_cEduardo G. Roveda.
260 _cCiudad Autónoma de Buenos Aires :
_aThomson Reuters La Ley,
_b2025.
300 _ap. 44-51
500 _aCita Online: TR LALEY AR/DOC/428/2025.
505 _aSumario: I. Introducción.— II. Concepto.— III. Deberes y derechos del progenitor afín.— IV. La delegación del ejercicio de la responsabilidad parental a favor del progenitor afín.— V. Ejercicio conjunto.— VI. Alimentos.
505 _t¿Te interesa el texto completo? Solicitalo al correo: koha@justierradelfuego.gov.ar
650 0 _91015
_aRESPONSABILIDAD PARENTAL
650 0 _94103
_aPROGENITOR AFIN
650 0 _95369
_aCÓNYUGE
650 0 _9977
_aDIVORCIO
650 0 _9968
_aALIMENTOS
773 0 _02713
_93170
_dCiudad Autónoma de Buenos Aires : Thomson Reuters La Ley, 2015-
_tRevista Código Civil y Comercial. Nº 2 - Abril 2025
942 _2udc
_cANA